Normale Ansicht MARC-Ansicht ISBD

Etnografija sem'i i detstva nemeckogo naselenija Zapadnoj Sibiri v XX - načale XXI veka (Titelsatznr. 19341)

[ MARC ]
MARC-Details
000 -Satzkennung
Kontrollfeld mit fester Länge 00547nam a22002051c 4500
001 - Kontrollnummer
Kontrollfeld a987664604
008 - Feld mit fester Länge zur physischen Beschreibung - Allgemeine Angaben
Kontrollfeld mit fester Länge 091002s2009 gw |||| 000u rus d
041 ## - Sprachcode
Sprachcode des Textes/der Tonspur oder des separaten Titels rus
040 ## - Katalogisierungsquelle
Übertragungsstelle RU-10907106
003 - Kontrollnummer Identifier
Kontrollfeld RU-10907106
100 1# - Haupteintragung - Personenname
Personenname Blinova, Anna N.
245 00 - Titel
Titel Etnografija sem'i i detstva nemeckogo naselenija Zapadnoj Sibiri v XX - načale XXI veka
264 ## - Produktion, Veröffentlichung, Distribution, Herstellung und Urheberrechtsvermerk
Herstellungs-, Veröffentlichungs- Vertriebs-, Erzeugungsort Omsk :
Produzent, Herausgeber, Distributor, Hersteller Nauka,
Datum der Herstellung, der Veröffentlichung, des Vertriebs oder des Urheberschutzvermerks 2009
300 ## - Physische Beschreibung
Umfang 326 S.
650 #0 - Nebeneintragung unter einem Schlagwort - Sachschlagwort
Sachschlagwort oder geografischer Name als Eintragungselement Deutsche
651 #0 - Nebeneintragung unter einem Schlagwort - Geografischer Name
Geografischer Name Sibirien
651 #0 - Nebeneintragung unter einem Schlagwort - Geografischer Name
Geografischer Name Westsibirien
700 1# - Nebeneintragung - Personenname
Personenname Černova, Irina N.
Funktionsbezeichnung VerfasserIn
942 ## - Zusätzliche Felder (Koha)
Koha-Medientyp Monographien
Exemplare
Ausgeschieden Verloren Klassifikation oder Aufstellungssystematik Beschädigt Nicht entleihbar Heimatbibliothek Aufenthaltsbibliothek Aufstellungsort Erwerbungsdatum Inventarnummer Signatur Barcode Letzte Aktivität Preis gültig von Koha-Medientyp
    Andere/Generische Klassifikation     MWN Osteuropa MWN Osteuropa Magazin - 2 02/10/2009 09-03431 R 60 o Deut 22 E004015078FBA8ED 23/02/2021 22/03/2021 Monographien